000 00779nam a2200265Ia 4500
005 20260121172917.0
008 008 260114s9999 xx 000 0 eng d
020 _a9783030837150
037 _aEBOOK
040 _aCRL
040 _beng
040 _cCRL
041 _2eng
041 _aeng
084 _qCRL
100 _aEmmanuel N. Saridakis, Ruth Lazkoz, Vincenzo Salzano, Paulo Vargas Moniz, Salvatore Capozziello, Jose Beltrán Jiménez, Mariafelicia De Laurentis, Gonzalo J. Olmo
_91094271
245 0 _aModified Gravity and Cosmology
260 _bSpringer
260 _bSpringer
260 _c2021
856 _uhttps://link.springer.com/openurl?genre=book&isbn=978-3-030-83715-0
942 _cEBOOK
999 _c1660013
_d1660013